Medieval Islamic pragmatics : Sunni legal theorists' models of textual communication

Bibliographic Details
Main Author: Ali, Mohamed Mohamed Yunis (Author)
Format: Book
Published: Richmond, Surrey : Curzon Press , 2000
Subjects:

MARC

LEADER 00000cam a2200000 7i4500
001 0000001072
005 20230607093000.0
020 |a 0700711023 
090 0 0 |a P99.4.P72   |b A55 2000 
100 0 |a Ali, Mohamed Mohamed Yunis ,   |e author 
245 0 0 |a Medieval Islamic pragmatics :   |b Sunni legal theorists' models of textual communication   |c Mohamed Mohamed Yunis Ali 
260 2 |a Richmond, Surrey :   |b Curzon Press ,   |c 2000 
300 |a xv, 267 p. ; ;   |c 23 cm. 
504 |a Includes bibliographical references (p. 245-252) and index 
650 0 |a Pragmatics   |x History 
650 0 |a Language and culture   |z Islamic countries   |x History 
650 0 |a Islamic law   |v Sources 
999 |a 1000084346   |b Book   |c OPEN SHELF (30 DAYS)   |e Gong Badak Campus